Catálogo
 En Linea

El abogado criminalista en Puerto Rico / (Registro nro. 34042)

Detalles MARC
000 -CABECERA
campo de control de longitud fija 00682nam a2200205 a 4500
001 - NÚMERO DE CONTROL
campo de control 000034551
003 - IDENTIFICADOR DEL NÚMERO DE CONTROL
campo de control OSt
005 - FECHA Y HORA DE LA ÚLTIMA TRANSACCIÓN
campo de control 20200930073749.0
008 - DATOS DE LONGITUD FIJA--INFORMACIÓN GENERAL
campo de control de longitud fija 111006s2012 pr ac 000 0 spa d
040 ## - FUENTE DE LA CATALOGACIÓN
Centro catalogador/agencia de origen DO-SdBNP
Lengua de catalogación spa
Centro/agencia transcriptor BNPHU
100 1# - ENTRADA PRINCIPAL--NOMBRE DE PERSONA
Nombre de persona Malavet Vega, Pedro
9 (RLIN) 59984
245 13 - MENCIÓN DE TÍTULO
Título El abogado criminalista en Puerto Rico /
Mención de responsabilidad, etc. Pedro Malavet Vega.
260 ## - PUBLICACIÓN, DISTRIBUCIÓN, ETC.
Lugar de publicación, distribución, etc. Puerto Rico :
Nombre del editor, distribuidor, etc. Ediciones Omar,
Fecha de publicación, distribución, etc. 2012.
300 ## - DESCRIPCIÓN FÍSICA
Extensión x, 311 p. :
Otras características físicas ils., retr. ;
Dimensiones 23 cm.
500 ## - NOTA GENERAL
Nota general Incluye referencias bibliográficas y notas al pie de las páginas
500 ## - NOTA GENERAL
Nota general Incluye datos biográficos del autor en las solapas.
504 ## - NOTA DE BIBLIOGRAFÍA, ETC.
Nota de bibliografía, etc. Bibliografía : p. 299-302
942 ## - ELEMENTOS DE PUNTO DE ACCESO ADICIONAL (KOHA)
Fuente del sistema de clasificación o colocación Dewey Decimal Classification
Tipo de ítem Koha Libros y folletos
956 ## - LOCALIZACIÓN Y ACCESO ELECTRÓNICOS LOCAL (OCLC)
Nombre del host LOPEREZ
Existencias
Estado de retiro Estado de pérdida Fuente del sistema de clasificación o colocación Restricciones de uso No para préstamo Código de colección Localización permanente Ubicación/localización actual Fecha de adquisición Número de inventario Total de préstamos Signatura topográfica completa Código de barras Fecha visto por última vez Precio válido a partir de Tipo de ítem Koha Número de copia
    Dewey Decimal Classification   Excluido de préstamo Monografías: Libros y Folletos General General 06.10.2011 LF1   34551-10 25.06.2020 25.06.2020 No se presta  
    Dewey Decimal Classification   Excluido de préstamo Monografías: Libros y Folletos General General 06.10.2011 LF1   34551-20 25.06.2020 25.06.2020 No se presta e. 2
    Dewey Decimal Classification     Monografías: Libros y Folletos General General 06.04.2017 LF1   34551-30 25.06.2020 25.06.2020 Préstamo en sala e. 3

Con tecnología Koha